[Event "Monza e Brianza Province-ch"]
[Site "Ceriano Laghetto"]
[Date "2015.02.17"]
[Round "5"]
[White "Squillante, Michele"]
[Black "Dalla Libera, Sergio"]
[Result "1/2-1/2"]
[WhiteElo "1710"]
[BlackElo "1589"]
[PlyCount "42"]
[EventDate "2015.01.20"]
[EventType "swiss"]
[EventRounds "6"]
[EventCountry "ITA"]
[SourceTitle "EXT 2017"]
[Source "ChessBase"]
[SourceDate "2016.10.25"]
[SourceVersion "1"]
[SourceVersionDate "2016.10.25"]
[SourceQuality "1"]

1. d4 d5 2. Nf3 c5 3. c3 cxd4 4. Nxd4 e5 5. Nf3 Nc6 6. Nbd2 Nf6 7. Nb3 Be7 8. Bg5 0-0 9. e3 Bg4 10. Be2 e4 11. Nfd4 Bxe2 12. Nxe2 Ne5 13. Nec1 Ng6 14. 0-0 h6 15. Bxf6 Bxf6 16. Nd4 Ne5 17. Rb1 Be7 18. Qh5 Bg5 19. Qe2 Qb6 20. Qb5 Qxb5 21. Nxb5 Nc4 1/2-1/2

[Event "Monza e Brianza Province-ch"]
[Site "Ceriano Laghetto"]
[Date "2015.02.10"]
[Round "4"]
[White "Dalla Libera, Sergio"]
[Black "Cervini, Gian Piero"]
[Result "1-0"]
[WhiteElo "1589"]
[BlackElo "1782"]
[PlyCount "93"]
[EventDate "2015.01.20"]
[EventType "swiss"]
[EventRounds "6"]
[EventCountry "ITA"]
[SourceTitle "EXT 2017"]
[Source "ChessBase"]
[SourceDate "2016.10.25"]
[SourceVersion "1"]
[SourceVersionDate "2016.10.25"]
[SourceQuality "1"]

1. e4 g6 2. d4 Bg7 3. Nf3 d6 4. Bc4 Nf6 5. e5 dxe5 6. Nxe5 0-0 7. 0-0 Nbd7 8. c3 c5 9. Be3 Qc7 10. Bxf7+ Rxf7 11. Nxf7 Kxf7 12. Nd2 cxd4 13. Bxd4 Ne5 14. Re1 Neg4 15. Nf3 Bf5 16. h3 Nh6 17. Qb3+ Kf8 18. Ng5 Qc6 19. Ne6+ Bxe6 20. Rxe6 Qd5 21. Rxf6+ Bxf6 22. Qxd5 Bxd4 23. Qxd4 Nf7 24. Re1 Rd8 25. Qxa7 Nd6 26. Qe3 Nf5 27. Qf4 Kg7 28. Qe5+ Kh6 29. g4 Nh4 30. Qe3+ g5 31. Qe6+ Ng6 32. Qb6 Rd3 33. Rxe7 Rxh3 34. Re3 Rh4 35. Rg3 Kg7 36. Qxb7+ Kh6 37. Qb6 Kg7 38. a4 Nf4 39. Qc7+ Kf6 40. Qd6+ Kf7 41. Qe5 Kg6 42. b4 Nh3+ 43. Kf1 Nf4 44. a5 Rh1+ 45. Rg1 Rh2 46. Qe4+ Kh6 47. Rh1 1-0